| 000 | 00394nam a2200121Ia 4500 | ||
|---|---|---|---|
| 008 | 220620s9999||||xx |||||||||||||| ||und|| | ||
| 100 | _aAdrian Grozavu||Florin-Constantin Mihai | ||
| 245 | 0 | _aEnvironmental Risks | |
| 546 | _aEnglish[eng] | ||
| 650 | _aLife Sciences||Environmental Studies||Environmental Sciences | ||
| 856 | _uhttps://www.intechopen.com/books/environmental-risks | ||
| 942 | _cEB | ||
| 999 |
_c31208 _d31208 |
||